Name Dropping #6: British Prime Ministers - Statistics

General Stats
  • This quiz has been taken 119 times
  • The average score is 20 of 26
Answer Stats
Hint Extra Hint Answer % Correct
Tony 1997-2007 Blair
97%
Neville 1937-1940 Chamberlain
95%
Winston 1940-1945, 1951-1955 Churchill
95%
Theresa 2016-2019 May
95%
Boris 2019-2022 Johnson
93%
Keir 2024- Starmer
93%
Rishi 2022-2024 Sunak
93%
Margaret 1979-1990 Thatcher
93%
Liz 2022 Truss
93%
Clement 1945-1951 Attlee
88%
Gordon 2007-2010 Brown
88%
John 1990-1997 Major
84%
David 2010-2016 Cameron
83%
Edward 1970-1974 Heath
79%
Anthony 1955-1957 Eden
76%
Stanley 1923-1924, 1924-1929, 1935-1937 Baldwin
74%
David 1916-1922 Lloyd George
72%
Ramsay 1924, 1929-1935 MacDonald
69%
Harold 1957-1963 Macmillan
69%
James 1976-1979 Callaghan
67%
Arthur 1902-1905 Balfour
66%
H. H. 1908-1916 Asquith
62%
Alec 1963-1964 Douglas-Home
60%
Harold 1964-1970, 1974-1976 Wilson
60%
Bonar 1922-1923 Law
57%
Henry 1905-1908 Campbell-Bannerman
45%
No matching quizzes found
Score Distribution
Percent of People with Each Score
Percentile by Number Answered
Your Score History
You have not taken this quiz